Τι είναι ο άνθρωπος και άλλα κείμενα
Αποθηκεύτηκε σε:
| Κύριος συγγραφέας: | |
|---|---|
| Μορφή: | Βιβλίο |
| Γλώσσα: | Greek English |
| Δημοσίευση: |
Αθήνα :
Printa,
c2003
|
| Σειρά: | Κλασικοί (Printa)
|
| Θέματα: | |
| Ετικέτες: |
Προσθήκη ετικέτας
Δεν υπάρχουν, Καταχωρήστε ετικέτα πρώτοι!
|
MARC
| LEADER | 00000nam a2200000 i 4500 | ||
|---|---|---|---|
| 001 | 1/91556 | ||
| 008 | 080729s2003 gre d | ||
| 020 | |a 960-7408-81-0 | ||
| 035 | |l 10099229 | ||
| 040 | |a GR-MY-UA |b gre |e aacr | ||
| 041 | 1 | |a gre |h eng | |
| 082 | 0 | |a 814 |2 (22) | |
| 100 | 1 | |a Twain, Mark, |d 1835-1910. | |
| 245 | 1 | 0 | |a Τι είναι ο άνθρωπος και άλλα κείμενα / |c Μάρκ Τουαίην ; μετάφραση: Αλεξάνδρα Δημητριάδη ...[κ. ά.] ; επιμέλεια: Αλέξανδρος Καρατζάς |
| 260 | |a Αθήνα : |b Printa, |c c2003 | ||
| 300 | |a 24 σ.; |b εικ.; |c 20 εκ. | ||
| 490 | 1 | |a Οι κλασικοί (Printa) | |
| 504 | |a Περιλαμβάνει βιβλιογραφίες | ||
| 650 | 0 | 0 | |a Mind and body. |
| 650 | 0 | 0 | |a Philosophy of mind. |
| 650 | 0 | 0 | |a Human beings. |
| 650 | 0 | 0 | |a Philosophical anthropology. |
| 830 | 0 | |a Κλασικοί (Printa) | |
| 852 | |a INST |b SYROS |e 20080729 |h 814 TWA |p 005500005600 |q 005500005600 |t BK |y 0 | ||
| 901 | |a BIBL5-2008-2 | ||
| 909 | |a Ε |b 141417 | ||
| 922 | |a 5ΕΛΗ |b 200711 |c ΕΠΕΑΕΚ2/ΤΜΣΠΣ |d Σ. ΠΑΤΑΚΗΣ | ||
| 970 | |a ΚΟΝΤΟΥ |b ΠΑΡΑΣΚΕΥΗ |z 2008/07/29 | ||